000 00647nab a2200193 4500
001 244442
003 OSt
005 20240711091424.0
007 tu
008 200917s2020|||||||
040 _aDE-2950
_cDE-2950
245 0 0 _aEin unvergesslicher Abend
_bKonzert. Schlagerikone Roland Kaiser sang am Freitagabend vor gut 10.000 Zuschauern im Frankfurter Stadion - und sorgte für Begeisterung/
_cSelim Pekel, Bettina Winkler
264 _c2024
653 _aFrankfurt (Oder)
653 _aKonzert
653 _aRoland Kaiser
773 0 _g35. Jahrgang (2024) Nr. 157 vom 08.07.2024, S. 11 mit Foto
_tMärkische Oderzeitung
942 _2z
_cA
999 _c373246
_d373246